Vorträge, gehalten auf der Tagung der Joachim-Jungius-Gesellschaft der Wissenschaften, Hamburg

Saved in:  
Bibliographic Details
Corporate Author: Joachim-Jungius-Gesellschaft der Wissenschaften. VerfasserIn (Author)
Format: Print Series/Journal
Language:German
Published: Göttingen Vandenhoeck & Ruprecht 1957-
In:Year: 1957
Check availability: HBZ Gateway
Volumes / Articles:Show volumes/articles.
Keywords:

MARC

LEADER 00000cas a2200000 c 4500
001 130422150
003 DE-627
005 20240306132812.0
007 tu
008 931116c19579999gw z| m| 0 |0ger c
016 7 |a 013644246  |2 DE-101 
016 7 |a 629423-6  |2 DE-600 
035 |a (DE-627)130422150 
035 |a (DE-576)9130422159 
035 |a (DE-599)ZDB629423-6 
035 |a (OCoLC)183212067 
040 |a DE-627  |b ger  |c DE-627  |e rakwb 
041 |a ger 
044 |c XA-DE 
082 0 4 |a 050  |q DE-600 
084 |a 1  |2 ssgn 
110 2 |a Joachim-Jungius-Gesellschaft der Wissenschaften  |e VerfasserIn  |0 (DE-588)2016632-1  |0 (DE-627)101908237  |0 (DE-576)191704687  |4 aut 
245 1 0 |a Vorträge, gehalten auf der Tagung der Joachim-Jungius-Gesellschaft der Wissenschaften, Hamburg 
264 3 1 |a Göttingen  |b Vandenhoeck & Ruprecht  |c 1957- 
336 |a Text  |b txt  |2 rdacontent 
337 |a ohne Hilfsmittel zu benutzen  |b n  |2 rdamedia 
338 |a Band  |b nc  |2 rdacarrier 
362 0 |a Nachgewiesen 1957; 8.1959(1960) - 11.1965(1966); 1967(1968) - 
363 0 1 |a 8  |i 1957 
363 1 0 |a 11  |i 1965 
655 7 |a Monografische Reihe  |0 (DE-588)4179998-7  |0 (DE-627)104628669  |0 (DE-576)209995106  |2 gnd-content 
655 7 |a Konferenzschrift  |0 (DE-588)1071861417  |0 (DE-627)826484824  |0 (DE-576)433375485  |2 gnd-content 
787 0 8 |i Zugl. einzelne Bd. von  |a Joachim-Jungius-Gesellschaft der Wissenschaften  |t Veröffentlichung der Joachim-Jungius-Gesellschaft der Wissenschaften  |d Göttingen : Vandenhoeck & Ruprecht, 1957  |w (DE-627)130727490  |w (DE-600)974549-X  |w (DE-576)00678397X  |x 1435-9596 
935 |a RFBW  |a mteo 
951 |a ST 
ELC |b 1 
LOK |0 000 xxxxxcx a22 zn 4500 
LOK |0 001 4520642108 
LOK |0 003 DE-627 
LOK |0 004 130422150 
LOK |0 005 20240504203743 
LOK |0 008 240504||||||||||||||||ger||||||| 
LOK |0 040   |a DE-Frei85  |c DE-627  |d DE-Frei85 
LOK |0 852   |a DE-Frei85 
LOK |0 852 1  |m p  |9 00 
LOK |0 938   |k p 
LOK |0 939   |a 04-05-24  |b l01 
ORI |a SA-MARC-krimdokb001.raw 
SPR |a 1  |t KRI